[Event "SM-gruppen"]
[Site "Göteborg"]
[Date "2004.07.20"]
[Round "10"]
[White "Barkhagen,J"]
[Black "Brynell,S"]
[Result "1/2-1/2"]
[WhiteElo "2477"]
[BlackElo "2459"]
[Annotator ""]

1.d4 d5 2.c4 dxc4 3.e4 Nc6 4.Nf3 Bg4 5.d5 Ne5 6.Bf4 Ng6 7.Be3
Nf6 8.Nc3 e5 9.Bxc4 a6 10.Be2 Bd6 11.Nd2 Bd7 12.Qb3 b5 13.f3
O-O 14.O-O Qe7 15.Rfc1 Rfc8 16.Bf1 h6 17.a4 Bc5 18.Bxc5 Qxc5+
19.Kh1 Qf2 20.Qc2 c6 21.dxc6 Bxc6 22.axb5 Bxb5 23.Bxb5 axb5 24.Rxa8
Rxa8 25.Nxb5 Nf4 26.Nb1 Qe3 27.Rd1 N6h5 28.N5c3 Rb8 29.Nd5 Qb3
30.Qxb3 Rxb3 31.Rd2 1/2-1/2

[Event "SM-gruppen"]
[Site "Göteborg"]
[Date "2004.07.20"]
[Round "10"]
[White "Hillarp Persson,T"]
[Black "Ong,Kez"]
[Result "0-1"]
[WhiteElo "2529"]
[BlackElo "2202"]
[Annotator ""]

1.d4 Nf6 2.c4 e6 3.Nc3 Bb4 4.f3 d5 5.a3 Bxc3+ 6.bxc3 c5 7.cxd5
Nxd5 8.dxc5 Qa5 9.e4 Ne7 10.Be3 O-O 11.Qb3 Qc7 12.Nh3 e5 13.Nf2
Nec6 14.Rb1 Na5 15.Qa4 Be6 16.Bb5 a6 17.Be2 Nd7 18.Qb4 Rfc8 19.Nd3
Rab8 20.O-O Nc4 21.Bf2 Nd2 22.Rfd1 a5 23.Qa4 Nxb1 24.Rxb1 b6
25.cxb6 Nxb6 26.Qd1 Bc4 27.Rc1 Qe7 28.Rb1 Nd7 29.Ra1 Rb3 30.Nxe5
Bxe2 31.Qxd7 Qxd7 32.Nxd7 Rbxc3 33.Bb6 Bb5 34.Ne5 a4 35.Ba5 Rc1+
36.Rxc1 Rxc1+ 37.Kf2 Rc2+ 38.Kg1 Rb2 39.Bc7 Rb3 40.Bd6 f6 0-1

[Event "SM-gruppen"]
[Site "Göteborg"]
[Date "2004.07.20"]
[Round "10"]
[White "Wedberg,T"]
[Black "Ernst,T"]
[Result "0-1"]
[WhiteElo "2533"]
[BlackElo "2456"]
[Annotator ""]

1.e4 c5 2.Nf3 d6 3.d4 cxd4 4.Nxd4 Nf6 5.Nc3 Nc6 6.Bc4 e6 7.Be3
Be7 8.Qe2 a6 9.O-O-O Qc7 10.Bb3 Na5 11.g4 b5 12.g5 Nxb3+ 13.axb3
Nd7 14.h4 b4 15.Na4 Nc5 16.h5 Nxe4 17.g6 Bf6 18.gxf7+ Kxf7 19.Rhg1
e5 20.Nf3 Rb8 21.Nb6 Be6 22.Kb1 Qc6 23.Nh2 d5 24.f3 Nc5 25.Bxc5
Qxc5 26.Na4 Qb5 27.Qf2 Rbc8 28.Ng4 Qc6 29.Rd2 Qd6 30.Qe3 Bxg4
31.Rxg4 Rhd8 32.Rg1 Rc7 33.Rgd1 Qc6 34.Rg1 Kg8 35.Rgd1 d4 36.Qe2
Bg5 37.Rd3 Re8 38.Re1 Be3 39.Qg2 Rf8 40.Rdxe3 dxe3 41.Rxe3 Rcf7 0-1

[Event "SM-gruppen"]
[Site "Göteborg"]
[Date "2004.07.21"]
[Round "11"]
[White "Akesson,R"]
[Black "Hermansson,E"]
[Result "1-0"]
[WhiteElo "2485"]
[BlackElo "2428"]
[Annotator ""]

1.c4 Nf6 2.Nf3 g6 3.Nc3 d5 4.cxd5 Nxd5 5.Qa4+ Bd7 6.Qc2 Nb4 7.Qb1
c5 8.a3 N4c6 9.b4 Bg7 10.bxc5 Na6 11.Bb2 Nxc5 12.Ne4 Ne6 13.Bxg7
Nxg7 14.Nc5 O-O 15.Qxb7 Bg4 16.Qxc6 Rc8 17.Qb5 Qd5 18.e4 Qxc5
19.Qxc5 Rxc5 20.d4 Rc7 21.Ne5 Bc8 22.Bc4 e6 23.Bb3 Bb7 24.f3
f6 25.Nd3 Rd8 26.Nc5 Rxd4 27.Nxe6 Nxe6 28.Bxe6+ Kf8 29.Kf2 Rd2+
30.Kg3 Ke7 31.Bh3 Rdc2 32.Rhd1 Bc8 33.Bxc8 Rxc8 34.Rd5 R8c6 35.Rad1
Ra6 36.Rd7+ Ke6 37.Rxh7 f5 38.exf5+ Kxf5 39.Rdd7 Rxa3 40.Rdf7+
Ke6 41.Re7+ Kd5 42.Rxa7 Rxa7 43.Rxa7 Ke6 44.h4 Kf6 45.Ra5 Rc5
46.Ra7 Ke6 47.Ra5 Rc2 48.Ra7 Rc5 49.Ra5 Rc2 1-0

[Event "SM-gruppen"]
[Site "Göteborg"]
[Date "2004.07.21"]
[Round "11"]
[White "Brynell,S"]
[Black "Hillarp Persson,T"]
[Result "0-1"]
[WhiteElo "2459"]
[BlackElo "2529"]
[Annotator ""]

1.d4 d5 2.c4 c6 3.cxd5 cxd5 4.Nc3 Nf6 5.Nf3 Nc6 6.Bf4 a6 7.Rc1
Bf5 8.e3 Rc8 9.Be2 e6 10.O-O Bd6 11.Bxd6 Qxd6 12.Na4 O-O 13.Nc5
Rc7 14.a3 Bg4 15.b4 Bxf3 16.Bxf3 e5 17.dxe5 Nxe5 18.Be2 a5 19.Qd4
axb4 20.axb4 Nc6 21.Qb2 Rfc8 22.Nd3 Ne4 23.Bg4 Rd8 24.Rfd1 Re7
25.b5 Ne5 26.Nxe5 Rxe5 27.Qd4 h5 28.Be2 h4 29.h3 Qf6 30.Bf3 Ng5
31.Bg4 Ne4 32.Qb2 Rd6 33.Rc8+ Kh7 34.Qc2 g6 35.Rc7 Rb6 36.Qb2
d4 37.Qa2 Kg7 38.Rxd4 Rexb5 39.Rdd7 Rb1+ 40.Kh2 Nd6 41.f4 Re1
42.Rxd6 Rxd6 43.Qb3 Rc6 44.Rxc6 bxc6 45.g3 Qa1 46.gxh4 Rb1 47.Qd3
Qb2+ 0-1

[Event "SM-gruppen"]
[Site "Göteborg"]
[Date "2004.07.21"]
[Round "11"]
[White "Couso,L"]
[Black "Wedberg,T"]
[Result "0-1"]
[WhiteElo "2377"]
[BlackElo "2533"]
[Annotator ""]

1.Nf3 Nf6 2.g3 c5 3.Bg2 Nc6 4.c4 d5 5.cxd5 Nxd5 6.Nc3 Nc7 7.Qa4
Bd7 8.Qe4 g6 9.O-O Bg7 10.d3 O-O 11.Qh4 e5 12.Bg5 f6 13.Bh6 Qe7
14.Bxg7 Kxg7 15.Nd2 Rad8 16.Be4 h5 17.f4 Bg4 18.Nf3 Nd4 19.Bxg6
Bxf3 20.Bxh5 Bxh5 21.Qxh5 Qf7 22.Qh3 Qd7 23.Qxd7+ Rxd7 24.fxe5
fxe5 25.Rxf8 Kxf8 26.Rf1+ Kg7 27.Rf2 b6 28.Ne4 Nd5 29.h3 Ne3
30.b3 Nd5 31.Kf1 Nb4 32.Kg2 Nb5 33.Rf5 Re7 34.h4 Nxa2 35.h5 Nac3
36.Nf6 Nd6 37.Rf2 Rf7 38.h6+ Kxh6 39.Ng4+ Kg7 40.Nxe5 Re7 41.Nc6
Re3 42.Nxa7 Nxe2 43.Nc6 Rxg3+ 44.Kh2 Re3 45.b4 Nd4 46.bxc5 bxc5
47.Rg2+ Kf6 0-1

[Event "SM-gruppen"]
[Site "Göteborg"]
[Date "2004.07.21"]
[Round "11"]
[White "Ernst,T"]
[Black "Barkhagen,J"]
[Result "1-0"]
[WhiteElo "2456"]
[BlackElo "2477"]
[Annotator ""]

1.e4 e5 2.Nf3 Nc6 3.Bb5 a6 4.Ba4 Nf6 5.O-O b5 6.Bb3 Bb7 7.Re1
Bc5 8.c3 d6 9.d4 Bb6 10.Bg5 h6 11.Bh4 g5 12.Bg3 O-O 13.h4 g4
14.Nh2 h5 15.Qc1 Kh7 16.Bc2 Rg8 17.Nd2 Qf8 18.Nhf1 Kh8 19.dxe5
Nxe5 20.Ne3 Re8 21.Nf5 Bc8 22.a4 Bxf5 23.exf5 Qh6 24.axb5 axb5
25.Qd1 Re7 26.Ne4 Nxe4 27.Rxe4 Qf6 28.Qe2 Qxf5 29.Kh1 Qe6 30.Rf4
Ng6 31.Qd3 Qe2 32.Rf5 Qxd3 33.Bxd3 b4 34.Rxh5+ Kg7 35.Rg5 bxc3
36.bxc3 Rge8 37.Kh2 Rh8 38.Ra4 Kf6 39.Bxg6 fxg6 40.Raxg4 Rg7
41.Kh3 Rh5 42.Rf4+ Ke6 43.Kg4 Rh8 44.Re4+ Kf6 45.Rd5 Rgh7 46.Bxd6
Rxh4+ 47.Kf3 Rxe4 48.Kxe4 Rh1 49.Bc5 Re1+ 50.Be3 Ke6 51.Rg5 Kf6
52.Rg3 c6 53.Kd3 Bc7 54.Bd4+ Kf7 55.Rf3+ Ke7 56.Rh3 Re6 57.Rh7+
Kd8 58.Rg7 Bd6 59.Kc4 Ke8 60.g3 Kf8 61.Rh7 Kg8 62.Rh8+ Kf7 63.Rc8
Bf8 64.Bc5 Bh6 65.f4 Re4+ 66.Kd3 Re6 67.Rc7+ Kg8 68.Bd4 Bf8 69.g4 1-0

[Event "SM-gruppen"]
[Site "Göteborg"]
[Date "2004.07.21"]
[Round "11"]
[White "Olsson,An"]
[Black "Agrest,E"]
[Result "0-1"]
[WhiteElo "2426"]
[BlackElo "2602"]
[Annotator ""]

1.e4 c5 2.Nf3 e6 3.d4 cxd4 4.Nxd4 a6 5.Nc3 d6 6.g3 Bd7 7.Bg2
Nc6 8.O-O Be7 9.a4 Rc8 10.Nb3 Nf6 11.a5 Qc7 12.f4 b5 13.Be3 h5
14.h3 Nb4 15.Rf2 Qb8 16.g4 hxg4 17.hxg4 Rh4 18.Bf3 e5 19.Rh2
Rxh2 20.Kxh2 d5 21.exd5 exf4 22.Bd4 Nxg4+ 23.Kg2 Ne3+ 24.Bxe3
fxe3 25.Be4 Qf4 26.Qf3 Qg5+ 27.Qg3 f5 28.Bd3 Qxg3+ 29.Kxg3 Nxd3
30.cxd3 g5 31.Kf3 b4 32.Ne2 f4 33.Nbd4 Kf7 34.Rh1 Kg6 35.Ke4
Re8 36.Kf3 g4+ 0-1

[Event "SM-gruppen"]
[Site "Göteborg"]
[Date "2004.07.21"]
[Round "11"]
[White "Ong,Kez"]
[Black "Berg,E"]
[Result "1/2-1/2"]
[WhiteElo "2202"]
[BlackElo "2510"]
[Annotator ""]

1.e4 e6 2.d4 d5 3.exd5 exd5 4.Bd3 Nc6 5.c3 Bd6 6.Qf3 Nf6 7.h3
O-O 8.Ne2 Re8 9.Bg5 Be7 10.Nd2 Ne4 11.Bxe7 Qxe7 12.O-O-O f5 13.Nf4
Be6 14.Rhe1 Bf7 15.Nf1 Qd6 16.Ne3 Ne7 17.g4 Ng5 18.Qg3 Ne4 19.Qf3
Ng5 20.Qg3 Ne4 21.Qf3 1/2-1/2

[Event "SM-gruppen"]
[Site "Göteborg"]
[Date "2004.07.21"]
[Round "11"]
[White "Svensson,B"]
[Black "Akesson,J"]
[Result "1/2-1/2"]
[WhiteElo "2377"]
[BlackElo "2360"]
[Annotator ""]

1.c4 c5 2.Nf3 Nc6 3.Nc3 g6 4.d4 cxd4 5.Nxd4 Bg7 6.Nc2 Nf6 7.e4
d6 8.Be2 Nd7 9.Bd2 a5 10.O-O O-O 11.Be3 Nc5 1/2-1/2

[Event "SM-gruppen"]
[Site "Göteborg"]
[Date "2004.07.22"]
[Round "12"]
[White "Agrest,E"]
[Black "Akesson,R"]
[Result "1-0"]
[WhiteElo "2602"]
[BlackElo "2485"]
[Annotator ""]

1.d4 Nf6 2.c4 g6 3.Nc3 d5 4.cxd5 Nxd5 5.e4 Nxc3 6.bxc3 Bg7 7.Nf3
c5 8.Be3 Nc6 9.Rc1 Qa5 10.d5 Ne5 11.Nxe5 Bxe5 12.Qb3 O-O 13.f4
Bg7 14.Bc4 a6 15.O-O b5 16.Be2 c4 17.Qc2 Bb7 18.Bg4 Rad8 19.Qf2
Rd6 20.f5 Bxc3 21.fxg6 hxg6 22.Be6 Bf6 23.Qg3 Rxe6 24.dxe6 Bxe4
25.Qg4 Bc6 26.Bg5 Qb6+ 27.Kh1 Bxg5 28.Qxg5 Be8 29.exf7+ Rxf7
30.Rxf7 Bxf7 31.Qxe7 Qf2 32.a3 a5 33.Qd8+ Kh7 34.Qxa5 Bd5 35.Qc7+
Kh6 36.Qg3 Qxg3 37.hxg3 Kg5 38.Kg1 Kf5 39.Re1 Be4 40.Kf2 Ke5
41.Ke3 Bxg2 42.Rb1 Bc6 43.Rf1 Kd5 44.Rf8 Bd7 45.Rd8 Kc6 46.Kd4
g5 47.Rg8 g4 48.Rg6+ Kc7 49.Rf6 1-0

[Event "SM-gruppen"]
[Site "Göteborg"]
[Date "2004.07.22"]
[Round "12"]
[White "Akesson,J"]
[Black "Olsson,An"]
[Result "1/2-1/2"]
[WhiteElo "2360"]
[BlackElo "2426"]
[Annotator ""]

1.d4 Nf6 2.c4 g6 3.g3 Bg7 4.Bg2 O-O 5.Nc3 d6 6.Nf3 Nbd7 7.O-O
e5 8.e4 c6 9.h3 Qb6 10.d5 cxd5 11.cxd5 Nc5 12.Qe2 Bd7 13.Be3
Rfc8 14.Rfc1 a5 15.Nd2 a4 16.Rab1 Qb4 17.a3 Qa5 1/2-1/2

[Event "SM-gruppen"]
[Site "Göteborg"]
[Date "2004.07.22"]
[Round "12"]
[White "Berg,E"]
[Black "Brynell,S"]
[Result "1/2-1/2"]
[WhiteElo "2510"]
[BlackElo "2459"]
[Annotator ""]

1.e4 e6 2.d4 d5 3.Nc3 Bb4 4.Nge2 dxe4 5.a3 Be7 6.Nxe4 Nf6 7.N2g3
O-O 8.c3 Nbd7 9.Bd3 c5 10.Nxf6+ Nxf6 11.dxc5 Qd5 12.O-O Rd8 13.Bc2
Qxc5 14.Qe2 Bd7 15.c4 b6 16.b3 Bc6 17.Bb2 Qg5 18.Rad1 Qf4 19.Bc1
Qc7 20.Bb2 Qf4 21.Bc1 Qc7 22.Bb2 1/2-1/2

[Event "SM-gruppen"]
[Site "Göteborg"]
[Date "2004.07.22"]
[Round "12"]
[White "Couso,L"]
[Black "Svensson,B"]
[Result "0-1"]
[WhiteElo "2377"]
[BlackElo "2377"]
[Annotator ""]

1.e4 c5 2.Nf3 d6 3.d4 cxd4 4.Nxd4 Nf6 5.Nc3 a6 6.Be2 e6 7.O-O
Be7 8.a4 Nc6 9.Nxc6 bxc6 10.a5 O-O 11.Bd3 d5 12.Qe2 Nd7 13.Be3
Bb4 14.Ra4 Bxa5 15.exd5 cxd5 16.Bxh7+ Kxh7 17.Qh5+ Kg8 18.Rh4
f5 19.Qh7+ Kf7 20.Rh6 Nf6 21.Qg6+ Kg8 22.Bd4 Bb6 23.Be5 Ra7 24.Na4
Bc7 25.Bd4 Rb7 26.Nc5 e5 27.Nxb7 Bxb7 28.Bc5 Bd6 29.Bxd6 Qxd6
30.Rh5 Bc8 31.Re1 Qb4 32.c3 Qxb2 0-1

[Event "SM-gruppen"]
[Site "Göteborg"]
[Date "2004.07.22"]
[Round "12"]
[White "Hermansson,E"]
[Black "Ong,Kez"]
[Result "1-0"]
[WhiteElo "2428"]
[BlackElo "2202"]
[Annotator ""]

1.e4 e5 2.Nf3 Nc6 3.Bb5 a6 4.Ba4 Nf6 5.O-O Be7 6.Re1 b5 7.Bb3
d6 8.c3 O-O 9.h3 Na5 10.Bc2 c5 11.d4 Qc7 12.Nbd2 cxd4 13.cxd4
Bb7 14.d5 Rac8 15.Bd3 Nd7 16.Nf1 f5 17.Ng3 f4 18.Nf5 Rxf5 19.exf5
Nf6 20.Ng5 Bxd5 21.Be4 Bxe4 22.Nxe4 Nxe4 23.Rxe4 Qc2 24.Qd5+
Kf8 25.Bd2 Qxb2 26.f6 gxf6 27.Rae1 Nc6 28.Rc1 Na7 29.Ree1 Rc4
30.Rxc4 bxc4 31.Bxf4 Nb5 32.Qxc4 Nc3 33.Bc1 Qc2 34.Bh6+ Ke8 35.Kh2
Qg6 36.Be3 Ne4 37.Rb1 Nc5 38.Rb8+ Kd7 39.Bxc5 dxc5 40.Qd5+ 1-0

[Event "SM-gruppen"]
[Site "Göteborg"]
[Date "2004.07.22"]
[Round "12"]
[White "Hillarp Persson,T"]
[Black "Ernst,T"]
[Result "1-0"]
[WhiteElo "2529"]
[BlackElo "2456"]
[Annotator ""]

1.d4 Nf6 2.c4 g6 3.f3 e5 4.dxe5 Nh5 5.Nh3 Nc6 6.Bg5 Be7 7.Bxe7
Qxe7 8.Nc3 O-O 9.g4 Ng7 10.f4 d6 11.exd6 Qh4+ 12.Nf2 Bxg4 13.dxc7
Rfe8 14.Qd3 Nf5 15.Nd5 Nfd4 16.Qg3 Bxe2 17.Bxe2 Rxe2+ 18.Kf1
Qxg3 19.hxg3 Rxb2 20.Ne4 Kg7 21.Re1 h6 22.Nd6 Nf5 23.Ne8+ Kf8
24.Rh3 h5 25.g4 Nfe7 26.Nd6 Rd2 27.gxh5 Nxd5 28.cxd5 Rxd5 29.hxg6
Kg7 30.Re8 Rxd6 31.Rxa8 1-0

[Event "SM-gruppen"]
[Site "Göteborg"]
[Date "2004.07.22"]
[Round "12"]
[White "Wedberg,T"]
[Black "Barkhagen,J"]
[Result "1-0"]
[WhiteElo "2533"]
[BlackElo "2477"]
[Annotator ""]

1.e4 e5 2.Nf3 Nc6 3.Bb5 a6 4.Ba4 Nf6 5.O-O b5 6.Bb3 Bb7 7.Re1
Bc5 8.c3 d6 9.d4 Bb6 10.Be3 O-O 11.Nbd2 h6 12.h3 Re8 13.d5 Ne7
14.Bxb6 cxb6 15.Bc2 g5 16.h4 Nh7 17.Nf1 f6 18.Ne3 Bc8 19.h5 Bd7
20.g4 Qc7 21.Nd2 Qc5 22.Qe2 Rec8 23.Bd3 Nf8 24.Rec1 Be8 25.a3
Qc7 26.Qf1 Qb8 27.Rc2 Nd7 28.b4 Qb7 29.Rac1 Qb8 30.Qe2 Qb7 31.Ndf1
Nf8 32.Ng3 Bd7 33.Kg2 Kg7 34.Kh2 Qa7 35.f3 Kf7 36.Qf2 Qb8 37.Ngf1
Kg7 38.Nd2 Kh7 39.Qe2 Qb7 40.Nb3 Qb8 41.Qf2 Be8 42.Nd2 Kg7 43.Ndf1
Kh7 44.Ng3 Bd7 45.Ne2 Be8 46.Ra1 Kg8 47.Rca2 Ra7 48.Qe1 Kf7 49.Qd2
Qb7 50.Bc2 Rca8 51.Bb3 Qb8 52.Ng3 Bd7 53.a4 bxa4 54.Bxa4 b5 55.Bc2
a5 56.Rxa5 Rxa5 57.Rxa5 Rxa5 58.bxa5 Qa7 59.c4 b4 60.a6 Bc8 61.Ngf1
Nd7 62.Qxb4 Qxa6 63.Nd1 Nc5 64.Nfe3 Qa7 65.Kg3 Bd7 66.Kf2 Nc8
67.Ke2 Ke8 68.Nc3 Qb6 69.Qxb6 Nxb6 70.Kd2 Kd8 71.Ne2 Nc8 72.Kc3
Kc7 73.Kb4 Kb6 74.Nc3 Ne7 75.Ne2 Na6+ 76.Kc3 Nc5 77.Nc1 Nc8 78.Nf1
Kb7 79.Ne3 Nb6 80.Ne2 Nc8 81.Ng2 Kb6 82.Ne1 Kb7 83.Nc1 Nb6 84.Ned3
Na6 85.Na2 Na8 86.Nac1 N8c7 87.Nb3 Kb6 88.Nd2 Ne8 89.Nf1 Nec7
90.Ne3 Nc5 91.Nf2 Ne8 92.Nh1 Ka5 93.Ng3 Ng7 94.Nef1 Ne8 95.Nh1
Ng7 96.Nf2 Ne8 97.Nh1 Ng7 98.Nhg3 Ne8 99.Ne2 Ng7 100.Nd2 Ne8
101.Nc1 Nc7 102.Na2 N7a6 103.Nb1 Nc7 104.Kb2 N7a6 105.Nbc3 Be8
106.Nb1 Bd7 107.Kc3 Be8 108.Nd2 Bd7 109.Nc1 Nc7 110.Nf1 Ne8 111.Ne3
Nc7 112.Ne2 Ne8 113.Nf1 Nc7 114.Nc1 Ne8 115.Nd2 Nc7 116.Bd3 N7a6
117.Bc2 Nc7 118.Bd1 N7a6 119.Ne2 Nc7 120.Nf1 Ne8 121.Ne3 Ng7
122.Nc2 Ne8 123.Nb4 Kb6 124.Nc1 Nc7 125.Nc2 N7a6 126.Ne3 Ka5
127.Ne2 Nc7 128.Ng3 1-0

[Event "SM-gruppen"]
[Site "Göteborg"]
[Date "2004.07.23"]
[Round "13"]
[White "Akesson,R"]
[Black "Akesson,J"]
[Result "1-0"]
[WhiteElo "2485"]
[BlackElo "2360"]
[Annotator ""]

1.d4 d5 2.c4 c6 3.Nc3 e6 4.e3 f5 5.Bd3 Nf6 6.Nge2 Bd6 7.Qc2 Ne4
8.O-O O-O 9.f3 Nxc3 10.Nxc3 Kh8 11.e4 dxc4 12.Bxc4 e5 13.dxe5
Bxe5 14.Ne2 f4 15.Bd2 b5 16.Bb3 Qb6+ 17.Kh1 Na6 18.Rad1 Bb7 19.Bc3
Bxc3 20.Qxc3 Nc5 21.Bc2 b4 22.Qe5 Ba6 23.Rfe1 Rae8 24.Qh5 Bxe2
25.Rxe2 g6 26.Qh6 Qa6 27.Red2 Qxa2 28.Bb1 Qf7 29.Rd6 Qg7 30.Qh4
Rc8 31.Qf2 Qe5 32.Qh4 Qg7 33.e5 Kg8 34.e6 g5 35.Qf2 Qe5 36.Qc2
Rc7 37.Rd7 Rxd7 38.exd7 Qe7 39.Qc4+ Kg7 40.Qd4+ 1-0

[Event "SM-gruppen"]
[Site "Göteborg"]
[Date "2004.07.23"]
[Round "13"]
[White "Barkhagen,J"]
[Black "Hillarp Persson,T"]
[Result "1/2-1/2"]
[WhiteElo "2477"]
[BlackElo "2529"]
[Annotator ""]

1.d4 d5 2.c4 e6 3.Nf3 c6 4.Qc2 Nf6 5.g3 dxc4 6.Qxc4 b5 7.Qb3
Bb7 8.Bg2 Nbd7 9.O-O Qb6 10.a4 a6 11.Nc3 1/2-1/2

[Event "SM-gruppen"]
[Site "Göteborg"]
[Date "2004.07.23"]
[Round "13"]
[White "Ernst,T"]
[Black "Berg,E"]
[Result "1/2-1/2"]
[WhiteElo "2456"]
[BlackElo "2510"]
[Annotator ""]

1.e4 e6 2.d4 d5 3.Nc3 Bb4 4.e5 c5 5.a3 Bxc3+ 6.bxc3 Qc7 7.Qg4
f5 8.Qg3 Ne7 9.Qxg7 Rg8 10.Qxh7 cxd4 11.Kd1 Bd7 12.Qh5+ Kd8 13.f4
Ba4 14.Qf3 Nd7 15.Ne2 Nc6 16.Ra2 Nc5 17.Nxd4 Nxd4 18.cxd4 Ne4
19.Rb2 Rc8 20.Bd3 Qg7 21.g3 Rc3 22.Ke2 Qc7 23.Bd2 Nxd2 24.Kxd2
Rxa3 25.Ke2 Qc3 26.Rhb1 Rh8 27.h4 b6 28.Qe3 Rg8 29.Kf2 Kc7 30.Ke2
Kb8 31.Qf3 Rg7 32.Qe3 Rg8 33.Qf3 Rg7 34.Qe3 Rg8 1/2-1/2

[Event "SM-gruppen"]
[Site "Göteborg"]
[Date "2004.07.23"]
[Round "13"]
[White "Ong,Kez"]
[Black "Agrest,E"]
[Result "1/2-1/2"]
[WhiteElo "2202"]
[BlackElo "2602"]
[Annotator ""]

1.e4 c5 2.c3 Nf6 3.e5 Nd5 4.d4 cxd4 5.cxd4 d6 6.Nf3 e6 7.Bc4
Nc6 8.O-O Be7 9.Qe2 O-O 10.Qe4 Qc7 11.Re1 Bd7 12.Ng5 Bxg5 13.Bxg5
Nce7 14.Nd2 Bc6 15.Qg4 Ng6 16.Bd3 dxe5 17.Bxg6 fxg6 18.Qxe6+
Kh8 19.Qxe5 Qf7 20.Qg3 Nb4 21.Be7 Nc2 22.Bxf8 Rxf8 23.Nf3 Nxa1
24.Rxa1 Qc4 25.Qd6 Qf7 26.Qg3 Qc4 27.Qd6 Qf7 1/2-1/2

[Event "SM-gruppen"]
[Site "Göteborg"]
[Date "2004.07.23"]
[Round "13"]
[White "Svensson,B"]
[Black "Wedberg,T"]
[Result "1/2-1/2"]
[WhiteElo "2377"]
[BlackElo "2533"]
[Annotator ""]

1.e4 c5 2.Nf3 Nc6 3.d4 cxd4 4.Nxd4 g6 5.c4 Bg7 6.Be3 Nf6 7.Nc3
O-O 8.Be2 d6 9.O-O Bd7 10.Qd2 Nxd4 11.Bxd4 Bc6 12.f3 a5 13.Rab1
Nd7 14.Bf2 a4 15.b4 axb3 16.axb3 Nc5 17.b4 Na4 18.Nxa4 Rxa4 19.b5
Bd7 20.c5 dxc5 21.Bxc5 Be6 22.Qxd8 Rxd8 23.Rfd1 Bd4+ 1/2-1/2